[Event "WA Open Reserve"]
[Site "Redmond, WA"]
[Date "2010.05.29"]
[Round "1"]
[White "Campbell, Tim"]
[Black "Sankrithi, Siva"]
[Result "1-0"]
[WhiteElo "1545"]
[BlackElo "1303"]
[Annotator "Sankrithi"]
[PlyCount "35"]
[EventDate "2010.05.31"]
[EventCountry "USA"]
[SourceDate "2010.05.29"]

1. e4 e5 2. Nf3 Nc6 3. d4 exd4 4. Nxd4 Bc5 5. Be3 Qf6 6. c3 Nge7 7. Bc4 Nxd4 (
7... a6 {better maybe}) 8. cxd4 Bb4+ 9. Nc3 Nc6 10. O-O O-O ({should have taken
} 10... Bxc3 {, not castle}) 11. Nd5 Qd6 ({should have played} 11... Qd8 {
, mentally I was convinced I'd dropped a piece.}) 12. e5 Nxe5 13. dxe5 Qxe5 14.
Nxb4 Qxb2 15. Nd5 Qe5 16. Bd4 Qd6 17. Qg4 g6 18. Nf6+ 1-0

[Event "WA Open Reserve"]
[Site "Redmond, WA"]
[Date "2010.05.30"]
[Round "1"]
[White "Chase, Stephen L"]
[Black "He, Daniel"]
[Result "0-1"]
[WhiteElo "1592"]
[BlackElo "1521"]
[PlyCount "68"]
[EventDate "2010.05.31"]
[EventCountry "USA"]
[SourceDate "2010.05.29"]

1. e4 c5 2. g3 Nc6 3. Nc3 e6 4. Bg2 Nf6 5. d3 d5 6. f4 Be7 7. exd5 exd5 8. Nf3
O-O 9. O-O Bg4 10. h3 Bxf3 11. Qxf3 Nd4 12. Qd1 Qd7 13. Ne2 Nf5 14. Kh2 h5 15.
Ng1 d4 16. Nf3 Bd6 17. Re1 Rfe8 18. Ne5 Qc7 19. Nc4 h4 20. Rxe8+ Rxe8 21. Nxd6
hxg3+ 22. Kg1 Qxd6 23. Bxb7 Qe7 24. Bf3 Qe1+ 25. Qxe1 Rxe1+ 26. Kg2 Ne3+ 27.
Kxg3 Nxc2 28. Rb1 Nb4 29. Be4 Nxe4+ 30. dxe4 Nd3 31. b4 Rxc1 32. Rxc1 Nxc1 33.
bxc5 Kf8 34. a3 d3 0-1

[Event "WA Open Reserve"]
[Site "Redmond, WA"]
[Date "2010.05.29"]
[Round "1"]
[White "McPherson, Ian"]
[Black "Janko, Imre"]
[Result "0-1"]
[WhiteElo "1650"]
[BlackElo "1447"]
[PlyCount "110"]
[EventDate "2010.05.31"]
[EventCountry "USA"]
[SourceDate "2010.05.29"]

1. d4 Nf6 2. c4 g6 3. Nc3 Bg7 4. e4 d6 5. f3 O-O 6. Be3 e5 7. d5 a5 8. Qd2 Bd7
9. Be2 Na6 10. Bh6 Nc5 11. g4 Nfxe4 12. Nxe4 Nxe4 13. fxe4 Qh4+ 14. Kd1 Bxh6
15. Nf3 Bxd2 16. Nxh4 Be3 17. Rb1 Rab8 18. Rf1 Bf4 19. h3 b5 20. Ng2 g5 21. Kc2
bxc4 22. Bxc4 Rb4 23. b3 Rfb8 24. Rf3 a4 25. Rf2 axb3+ 26. axb3 Ra8 27. Nxf4
exf4 28. Bd3 Ra2+ 29. Rb2 Rxb2+ 30. Kxb2 Rb7 31. Bc4 Kf8 32. Kc2 Ke7 33. Kd3
Ra7 34. Rc2 Ra1 35. Rh2 f6 36. Kc3 Re1 37. Bd3 Re3 38. Kd2 Be8 39. h4 Bg6 40.
hxg5 fxg5 41. Rh1 Rg3 42. Rc1 Rg2+ 43. Ke1 Rg1+ 44. Kd2 Rxc1 45. Kxc1 Kf6 46.
e5+ Kxe5 47. Bxg6 hxg6 48. Kd2 Kxd5 49. Kd3 Ke5 50. b4 f3 51. Ke3 f2 52. Kxf2
Kf4 53. Ke2 Kxg4 54. Kd3 Kf3 55. Kc4 c6 0-1

[Event "WA Open Reserve"]
[Site "Redmond, WA"]
[Date "2010.05.29"]
[Round "1"]
[White "Mellott, Michael"]
[Black "Nagase, Masayuki"]
[Result "0-1"]
[WhiteElo "1185"]
[BlackElo "1536"]
[PlyCount "98"]
[EventDate "2010.05.31"]
[EventCountry "USA"]
[SourceDate "2010.05.29"]

1. Nf3 d5 2. c4 d4 3. d3 c5 4. g3 Nc6 5. Bg2 e5 6. Nbd2 f5 7. O-O Nf6 8. e4
dxe3 9. fxe3 Qxd3 10. Re1 h6 11. Nh4 e4 12. Ng6 Rg8 13. Nxf8 Kxf8 14. a3 Ne5
15. b3 Nfg4 16. Nf1 Qxd1 17. Rxd1 Nd3 18. h3 Nge5 19. g4 g6 20. Ng3 Be6 21. Rf1
Ke7 22. a4 h5 23. g5 Rad8 24. Ne2 Nf7 25. h4 Nfe5 26. Nf4 Ng4 27. Nxd3 Rxd3 28.
Ba3 b6 29. b4 Rc8 30. bxc5 bxc5 31. Rab1 Bxc4 32. Rb7+ Rd7 33. Rfb1 Nxe3 34.
Rxd7+ Kxd7 35. Rb7+ Rc7 36. Bxc5 Nxg2 37. Rxc7+ Kxc7 38. Kxg2 a6 39. Kf2 f4 40.
a5 Kc6 41. Bb6 Kd5 42. Kg2 Ke6 43. Bc7 Kf5 44. Kh3 Bf1+ 45. Kh2 Kg4 46. Bxf4
Kxf4 47. Kg1 Bb5 48. Kf2 e3+ 49. Ke1 Kf3 0-1

[Event "WA Open Reserve"]
[Site "Redmond, WA"]
[Date "2010.05.29"]
[Round "1"]
[White "Nicoski, Aaron"]
[Black "Jensen, Jacob"]
[Result "0-1"]
[WhiteElo "1600"]
[BlackElo "1396"]
[PlyCount "78"]
[EventDate "2010.05.31"]
[EventCountry "USA"]
[SourceDate "2010.05.29"]

1. d4 Nf6 2. Bg5 e6 3. e4 h6 4. Bxf6 Qxf6 5. Nf3 c5 6. c3 Nc6 7. e5 Qd8 8. Be2
Qb6 9. Qd2 d5 10. O-O Bd7 11. Rd1 Rc8 12. Bf1 Be7 13. Na3 cxd4 14. cxd4 Bb4 15.
Qf4 a6 16. Nc2 Be7 17. Nce1 Nb4 18. a3 Nc2 19. Rab1 Nxe1 20. Nxe1 Ba4 21. Rdc1
Rxc1 22. Qxc1 O-O 23. Qc3 Bd7 24. b4 Rc8 25. Qb2 Qa7 26. Nd3 Bb5 27. Nc5 b6 28.
Nb3 Bc4 29. Nd2 Bg5 30. Rc1 b5 31. a4 bxa4 32. g3 Rc7 33. f4 Bxf1 34. Rxc7 Qxc7
35. fxg5 Bd3 36. gxh6 Qc2 37. Qxc2 Bxc2 38. Nf3 a3 39. Ne1 Be4 0-1

[Event "WA Open Reserve"]
[Site "Redmond, WA"]
[Date "2010.05.29"]
[Round "1"]
[White "Nill, Matthew"]
[Black "Chang, Evangeline"]
[Result "1/2-1/2"]
[WhiteElo "1625"]
[BlackElo "1411"]
[PlyCount "57"]
[EventDate "2010.05.31"]
[EventCountry "USA"]
[SourceDate "2010.05.29"]

1. e4 c5 2. Nc3 e6 3. f4 Nc6 4. Nf3 Nf6 5. Bb5 a6 6. Bxc6 bxc6 7. d3 d5 8. e5
Nd7 9. b3 Qa5 10. Qd2 Bb7 11. a4 c4 12. bxc4 Bb4 13. Bb2 c5 14. d4 cxd4 15.
Qxd4 dxc4 16. O-O-O Nb6 17. Ng5 Bxg2 18. Rhe1 O-O 19. Re2 Bb7 20. Nge4 h6 21.
Rg2 Bxe4 22. Nxe4 Nd5 23. Nf6+ Nxf6 24. exf6 g6 25. Rxg6+ Kh7 26. Rg7+ Kh8 27.
Qe4 Qf5 28. Qxf5 exf5 29. Rd5 {missing moves} 1/2-1/2

[Event "WA Open Reserve"]
[Site "Redmond, WA"]
[Date "2010.05.29"]
[Round "1"]
[White "Rogers, Bill"]
[Black "Piper, August"]
[Result "0-1"]
[WhiteElo "1316"]
[BlackElo "1558"]
[PlyCount "116"]
[EventDate "2010.05.31"]
[EventCountry "USA"]
[SourceDate "2010.05.29"]

1. e4 c5 2. Nf3 d6 3. d4 cxd4 4. Nxd4 Nf6 5. Nc3 a6 6. Bg5 e6 7. Be2 Be7 8. Qd2
Nbd7 9. O-O-O Qc7 10. f4 b5 11. Bf3 Bb7 12. Qe3 Rc8 13. Rd2 Nb6 14. b3 Qxc3 15.
Qxc3 Rxc3 16. Rd3 Rxd3 17. cxd3 Kd7 18. f5 e5 19. Nc2 Rc8 20. Be3 Bd8 21. Rd1
Na8 22. Kb1 Bb6 23. Bxb6 Nxb6 24. g4 g5 25. Ne3 a5 26. Kb2 b4 27. Nc4 Nxc4+ 28.
bxc4 a4 29. h3 Ng8 30. Bg2 f6 31. Bf1 Ne7 32. Rc1 Rc5 33. a3 b3 34. Kc3 Nc6 35.
Rb1 Nd4 36. Kb2 Nf3 37. Rd1 Rc8 38. Be2 Nd4 39. Bf1 Rh8 40. Rd2 h5 41. Bg2 hxg4
42. hxg4 Rh4 43. Kc3 Rxg4 44. Kb4 Bc6 45. Kc3 Rg3 46. Bh1 Rh3 47. Bg2 Re3 48.
Kb2 Re2 49. Rxe2 Nxe2 50. Bf3 Nd4 51. Bg4 Nc2 52. Bf3 Ne3 53. Bh1 g4 54. Kc1 g3
55. Kb2 g2 56. Bxg2 Nxg2 57. Kc3 Ne1 58. Kd2 Nc2 0-1

[Event "WA Open Reserve"]
[Site "Redmond, WA"]
[Date "2010.05.29"]
[Round "1"]
[White "Smith, Catherine"]
[Black "Arond, Paul"]
[Result "0-1"]
[WhiteElo "1494"]
[BlackElo "1689"]
[PlyCount "82"]
[EventDate "2010.05.31"]
[EventCountry "USA"]
[SourceDate "2010.05.29"]

1. e4 d6 2. Nf3 Bg4 3. Be2 c6 4. d3 Nd7 5. Be3 e5 6. h3 Bh5 7. Nbd2 Ngf6 8. Nb3
Be7 9. Qd2 O-O 10. g4 Bg6 11. Bg5 Re8 12. O-O-O a5 13. Qe1 a4 14. Nbd2 a3 15.
b3 b5 16. Nh4 d5 17. Nf5 Bb4 18. Qg1 Qa5 19. Bxf6 Nxf6 20. Bf3 Bxd2+ 21. Rxd2
Qc3 22. Kd1 Qa1+ 23. Ke2 Qxa2 24. Qa1 Qxa1 25. Rxa1 Bxf5 26. gxf5 b4 27. Rdd1
dxe4 28. Bxe4 Nxe4 29. dxe4 Red8 30. Rdc1 Rd4 31. f3 Rad8 32. c3 Rd2+ 33. Ke1
c5 34. cxb4 cxb4 35. Rc4 R2d4 36. Rxd4 Rxd4 37. Ke2 h5 38. Ke3 f6 39. f4 Rd7
40. Rc1 exf4+ 41. Kxf4 Rd3 0-1

[Event "WA Open Reserve"]
[Site "Redmond, WA"]
[Date "2010.05.29"]
[Round "1"]
[White "Varner, Murlin"]
[Black "Presley, Jason"]
[Result "1-0"]
[WhiteElo "1532"]
[BlackElo "1181"]
[PlyCount "117"]
[EventDate "2010.05.31"]
[EventCountry "USA"]
[SourceDate "2010.05.29"]

1. e4 c5 2. d4 cxd4 3. c3 dxc3 4. Nxc3 Nc6 5. Nf3 d6 6. Bc4 e6 7. O-O Nf6 8.
Bb5 Bd7 9. a3 a6 10. Ba4 Qc7 11. Bf4 O-O-O 12. Rc1 Kb8 13. Ne2 Nxe4 14. Qd3 f5
15. Nfd4 Nc5 16. Rxc5 e5 17. Nxc6+ Bxc6 18. Rxc6 bxc6 19. Bd2 e4 20. Qxa6 Rc8
21. Nd4 Qb7 22. Nxc6+ Rxc6 23. Qxc6 Qxc6 24. Bxc6 Be7 25. Rc1 Rc8 26. Kf1 Ka7
27. Be3+ Kb8 28. Ke2 g5 29. g3 Bf6 30. Rc2 d5 31. f4 d4 32. Bxd4 Bxd4 33. fxg5
Ka7 34. b4 Kb6 35. b5 Bc5 36. a4 Be7 37. h4 Bd6 38. Bxe4 Rxc2+ 39. Bxc2 Bxg3
40. h5 Bf4 41. g6 hxg6 42. hxg6 Be5 43. Bxf5 Bg7 44. Ke3 Kc7 45. Ke4 Kb6 46.
Kd5 Kc7 47. a5 Bc3 48. a6 Kb6 49. Bd3 Bg7 50. Ke6 Bd4 51. Kf7 Bc3 52. g7 Bxg7
53. Kxg7 Ka7 54. Kf7 Kb6 55. Ke7 Ka7 56. Kd7 Kb8 57. b6 Ka8 58. Be4+ Kb8 59.
a7# 1-0

[Event "WA Open Reserve"]
[Site "Redmond, WA"]
[Date "2010.05.29"]
[Round "2"]
[White "Arond, Paul"]
[Black "Monahan, Darby"]
[Result "1-0"]
[WhiteElo "1689"]
[BlackElo "1507"]
[PlyCount "93"]
[EventDate "2010.05.31"]
[EventCountry "USA"]
[SourceDate "2010.05.29"]

1. d4 Nf6 2. Nf3 d5 3. e3 e6 4. Bd3 h6 5. O-O Bd6 6. b3 Nbd7 7. Bb2 c6 8. Ne5
Bxe5 9. dxe5 Ng8 10. Nd2 Nc5 11. Be2 a5 12. c4 Ne7 13. Qc2 Nd7 14. cxd5 cxd5
15. Rac1 Ng6 16. f4 O-O 17. Nf3 b6 18. Ba3 Re8 19. Nd4 Ba6 20. Bxa6 Rxa6 21.
Nb5 Ra8 22. Nd6 Qh4 23. Nxe8 Rxe8 24. Qc6 Rd8 25. Qb7 Ngf8 26. Bd6 f5 27. Rc7
Qg4 28. Rf3 Nc5 29. Bxc5 bxc5 30. h3 Qg6 31. Kh2 Qh7 32. Rg3 Ng6 33. h4 h5 34.
Kh3 d4 35. Qc6 Nf8 36. Rc8 Rxc8 37. Qxc8 dxe3 38. Rxe3 Qg6 39. Rg3 Qh6 40. Rg5
Kf7 41. Qc7+ Kg8 42. Qxc5 g6 43. Qxa5 Qg7 44. Qd8 Qb7 45. Rxg6+ Kh7 46. Rg5 Ng6
47. Rxh5+ 1-0

[Event "WA Open Reserve"]
[Site "Redmond, WA"]
[Date "2010.05.29"]
[Round "2"]
[White "Baker, Ted"]
[Black "Hu, Jiayi"]
[Result "1-0"]
[WhiteElo "1418"]
[BlackElo "1579"]
[PlyCount "87"]
[EventDate "2010.05.31"]
[EventCountry "USA"]
[SourceDate "2010.05.29"]

1. d4 e6 2. c4 d5 3. Nc3 Nf6 4. Bg5 Be7 5. Qc2 O-O 6. e3 h6 7. Bh4 b6 8. cxd5
exd5 9. Nf3 Nbd7 10. Bd3 Bb7 11. O-O c5 12. Be2 Rc8 13. Rfd1 Qc7 14. Nb5 Qd8
15. Nxa7 Ra8 16. Nb5 Ne4 17. Bxe7 Qxe7 18. Nc3 Ndf6 19. b3 cxd4 20. Nxe4 dxe4
21. Nxd4 Qc5 22. Qb2 Ba6 23. b4 Qe7 24. b5 Bb7 25. Nc6 Qa3 26. Qd4 Qc5 27. Qxc5
bxc5 28. Ne7+ Kh8 29. Bc4 Ra4 30. Rac1 Raa8 31. Bb3 Rae8 32. Nc6 Bxc6 33. bxc6
Re5 34. c7 Ree8 35. Rxc5 Rc8 36. a4 Kg8 37. a5 Ra8 38. Bc4 Rfc8 39. a6 Kf8 40.
Bb5 Ke7 41. Re5+ Kf8 42. Rc5 Ke7 43. Re5+ Kf8 44. Bc6 1-0

[Event "WA Open Reserve"]
[Site "Redmond, WA"]
[Date "2010.05.29"]
[Round "2"]
[White "Chi, Quentin"]
[Black "Rogers, Bill"]
[Result "1-0"]
[WhiteElo "1635"]
[BlackElo "1316"]
[PlyCount "65"]
[EventDate "2010.05.31"]
[EventCountry "USA"]
[SourceDate "2010.05.29"]

1. e4 e5 2. Nf3 Nf6 3. Nxe5 d6 4. Nf3 Nxe4 5. Nc3 Nxc3 6. dxc3 Bg4 7. Be3 Nd7
8. Be2 Be7 9. Qd2 Nf6 10. O-O-O c6 11. h3 Be6 12. Bd3 Qa5 13. a3 c5 14. Ng5
O-O-O 15. Nxe6 fxe6 16. Rhe1 d5 17. Bg5 Rd6 18. Bf5 exf5 19. Rxe7 Ne4 20. Qf4
g6 21. Rxe4 Qc7 22. Re7 Qc6 23. Qe5 Rhd8 24. Re1 R8d7 25. Re8+ Kc7 26. Be7 Rxe7
27. Rxe7+ Kb6 28. Re6 Kc7 29. Rxd6 Qxd6 30. Qxd6+ Kxd6 31. Kd2 b5 32. Re8 h5
33. Rg8 1-0

[Event "WA Open Reserve"]
[Site "Redmond, WA"]
[Date "2010.05.29"]
[Round "2"]
[White "Goodfellow, Robert"]
[Black "Buchignani, Paul"]
[Result "1-0"]
[WhiteElo "1675"]
[BlackElo "1444"]
[PlyCount "92"]
[EventDate "2010.05.31"]
[EventCountry "USA"]
[SourceDate "2010.05.29"]

1. c4 c5 2. Nc3 g6 3. Nf3 Nc6 4. g3 Bg7 5. Bg2 Nf6 6. O-O O-O 7. Rb1 d6 8. a3
Rb8 9. b4 cxb4 10. axb4 a6 11. b5 axb5 12. Rxb5 Be6 13. d3 Bd7 14. Bd2 e6 15.
Bg5 Qc7 16. Qd2 Ng4 17. h3 h6 18. Bf4 Nge5 19. Nxe5 Nxe5 20. Rb3 Kh7 21. Rfb1
Nc6 22. Nb5 Qa5 23. Nxd6 Qxd2 24. Bxd2 Nd4 25. Rxb7 Rbd8 26. Ba5 Ra8 27. e3
Ne2+ 28. Kh2 Ba4 29. Re1 Nxg3 30. fxg3 Rxa5 31. d4 Kg8 32. c5 Ra6 33. Rc1 Bc6
34. Bxc6 Rxc6 35. Ra1 e5 36. Ra4 exd4 37. exd4 Bf6 38. Ne4 Re8 39. d5 Rxe4 40.
dxc6 Rxa4 41. c7 Ra2+ 42. Kh1 Ra1+ 43. Kg2 Ra2+ 44. Kf1 Be5 45. c8=Q+ Kg7 46.
Qe8 Rf2+ 1-0

[Event "WA Open Reserve"]
[Site "Redmond, WA"]
[Date "2010.05.30"]
[Round "2"]
[White "Hendricks, David"]
[Black "Chang, Austin"]
[Result "1/2-1/2"]
[WhiteElo "1547"]
[BlackElo "1417"]
[PlyCount "34"]
[EventDate "2010.05.31"]
[EventCountry "USA"]
[SourceDate "2010.05.29"]

1. d4 d5 2. Bf4 Bf5 3. Nf3 Nf6 4. e3 Nc6 5. c4 e6 6. a3 a5 7. Nc3 dxc4 8. Bxc4
Bd6 9. Ne5 Bxe5 10. dxe5 Ng4 11. e4 Ngxe5 12. Bb5 Qf6 13. exf5 Qxf5 14. Bxe5
Qxe5+ 15. Qe2 Qc5 16. Rd1 O-O 17. Bxc6 Qxc6 1/2-1/2

[Event "WA Open Reserve"]
[Site "Redmond, WA"]
[Date "2010.05.29"]
[Round "2"]
[White "Janko, Imre"]
[Black "Golden, Richard"]
[Result "1/2-1/2"]
[WhiteElo "1447"]
[BlackElo "1632"]
[PlyCount "91"]
[EventDate "2010.05.31"]
[EventCountry "USA"]
[SourceDate "2010.05.29"]

1. e4 d5 2. exd5 Nf6 3. d4 Bg4 4. Be2 Bxe2 5. Nxe2 Qxd5 6. O-O Nc6 7. Nbc3 Qh5
8. Ng3 Qxd1 9. Rxd1 e6 10. Bf4 O-O-O 11. Nge2 h6 12. h3 g5 13. Be3 a6 14. a3
Ne7 15. Ng3 Ned5 16. Nxd5 Nxd5 17. c4 Nxe3 18. fxe3 h5 19. Ne4 Be7 20. d5 f5
21. Nc3 exd5 22. Nxd5 Bd6 23. b4 h4 24. c5 Bf8 25. Ra2 Rh7 26. Rad2 Rhd7 27.
Kf1 a5 28. Ke2 axb4 29. axb4 Kb8 30. Nf6 Rxd2+ 31. Rxd2 Rxd2+ 32. Kxd2 Kc8 33.
Nd5 Kd7 34. Kd3 Kc6 35. Nc3 b5 36. cxb6 Bxb4 37. bxc7 Kb7 38. Nd5 Bd6 39. Kd4
g4 40. Nf6 gxh3 41. c8=Q+ Kxc8 42. gxh3 Kd8 43. Nh5 Ke7 44. Nf4 Bxf4 45. exf4
Kd6 46. Kc4 1/2-1/2

[Event "WA Open Reserve"]
[Site "Redmond, WA"]
[Date "2010.05.29"]
[Round "2"]
[White "Jensen, Jacob"]
[Black "Campbell, Tim"]
[Result "1-0"]
[WhiteElo "1396"]
[BlackElo "1545"]
[PlyCount "71"]
[EventDate "2010.05.31"]
[EventCountry "USA"]
[SourceDate "2010.05.29"]

1. e4 e5 2. Nf3 Nf6 3. Bc4 c6 4. Nxe5 d5 5. exd5 cxd5 6. Bb5+ Bd7 7. Qe2 Qe7 8.
O-O a6 9. Bxd7+ Nbxd7 10. Re1 Rc8 11. d4 Nxe5 12. Qxe5 Rxc2 13. Qb8+ Kd7 14.
Rxe7+ Bxe7 15. Qf4 Rhc8 16. Nc3 Ne4 17. Qf5+ Kc7 18. Bf4+ Bd6 19. Bxd6+ Kxd6
20. Qxd5+ Kc7 21. Qxe4 Rxb2 22. g3 Kb8 23. Rb1 Rxb1+ 24. Nxb1 b5 25. d5 Rc4 26.
Qe5+ Kc8 27. d6 Rc1+ 28. Kg2 Rd1 29. Qe8+ Kb7 30. d7 Kc7 31. Qc8+ Kb6 32. d8=Q+
Rxd8 33. Qxd8+ Kc5 34. Kf3 Kc4 35. Ke4 b4 36. Qd5# 1-0

[Event "WA Open Reserve"]
[Site "Redmond, WA"]
[Date "2010.05.29"]
[Round "2"]
[White "Ma, Kevin"]
[Black "Nill, Matthew"]
[Result "1/2-1/2"]
[WhiteElo "1382"]
[BlackElo "1625"]
[PlyCount "96"]
[EventDate "2010.05.31"]
[EventCountry "USA"]
[SourceDate "2010.05.29"]

1. e4 e5 2. Nf3 Nc6 3. Bb5 a6 4. Ba4 Nf6 5. O-O Be7 6. Re1 b5 7. Bb3 O-O 8. c3
d6 9. d4 Bg4 10. Bd5 Nxd5 11. exd5 Nb8 12. dxe5 dxe5 13. Rxe5 Nd7 14. Re2 Bxf3
15. gxf3 Bd6 16. Qf1 Nf6 17. Bg5 h6 18. Bxf6 Qxf6 19. Qg2 Rfe8 20. Rxe8+ Rxe8
21. Nd2 Re5 22. Ne4 Qf4 23. Rd1 Rf5 24. b3 Qxf3 25. Qxf3 Rxf3 26. c4 Rf4 27.
Nxd6 cxd6 28. c5 Kf8 29. c6 Ke8 30. Kg2 Re4 31. Rd3 Kd8 32. Kf1 Re5 33. f3 b4
34. Kf2 Kc7 35. Rd2 a5 36. h3 f5 37. h4 f4 38. Kg2 g6 39. Kh3 h5 40. Kh2 Re3
41. Kg2 Kd8 42. Kf2 Rc3 43. Ke2 Ke7 44. Rd4 Kf6 45. Rc4 Rxc4 46. bxc4 Ke7 47.
Kd2 a4 48. Kd3 Kd8 {
Here the players agreed to a draw, although black should be winning.} 1/2-1/2

[Event "WA Open Reserve"]
[Site "Redmond, WA"]
[Date "2010.05.29"]
[Round "2"]
[White "Nagase, Masayuki"]
[Black "Haining, Kyle"]
[Result "1/2-1/2"]
[WhiteElo "1536"]
[BlackElo "1383"]
[PlyCount "56"]
[EventDate "2010.05.31"]
[EventCountry "USA"]
[SourceDate "2010.05.29"]

1. d4 Nf6 2. c4 e6 3. Nc3 Bb4 4. Bf4 b6 5. a3 Bxc3+ 6. bxc3 Bb7 7. Nf3 d6 8.
Qc2 Nbd7 9. h3 h6 10. e3 Qe7 11. Be2 Nh5 12. Bh2 Nhf6 13. O-O O-O 14. Rfd1 Rac8
15. Rab1 Rfd8 16. Nd2 Nf8 17. Bf3 Bxf3 18. Nxf3 Ng6 19. e4 Nd7 20. Nd2 e5 21.
dxe5 Ngxe5 22. f4 Ng6 23. Nf3 Nc5 24. Re1 Qf6 25. e5 dxe5 26. fxe5 Qe6 27. Nd4
Qe8 28. Qf5 Qd7 {Next moves unclear. Drawn on move 85.} 1/2-1/2

[Event "WA Open Reserve"]
[Site "Redmond, WA"]
[Date "2010.05.29"]
[Round "2"]
[White "Omori, Jeff"]
[Black "Mellott, Michael"]
[Result "1-0"]
[WhiteElo "1458"]
[BlackElo "1185"]
[PlyCount "63"]
[EventDate "2010.05.31"]
[EventCountry "USA"]
[SourceDate "2010.05.29"]

1. d4 b6 2. e4 Bb7 3. Nc3 g6 4. Nf3 Bg7 5. Bc4 e6 6. Bg5 Ne7 7. Qd2 d5 8. exd5
exd5 9. Bb3 f6 10. Bh6 O-O 11. O-O-O Nf5 12. Bxg7 Kxg7 13. h4 h5 14. Rhg1 c6
15. g4 hxg4 16. Rxg4 Nd7 17. Rdg1 Kh7 18. Rxg6 Rf7 19. Qf4 Qe7 20. Qxf5 Kh8 21.
Qg4 Qf8 22. h5 f5 23. Qf4 Qe7 24. h6 Re8 25. Rg7 Rxg7 26. Rxg7 Qe6 27. Nh4 Qe1+
28. Nd1 Re6 29. Ng6+ Rxg6 30. Rxg6 Qe8 31. Qxf5 Nf8 32. Qf6+ 1-0

[Event "WA Open Reserve"]
[Site "Redmond, WA"]
[Date "2010.05.29"]
[Round "2"]
[White "Piper, August"]
[Black "Yee, Nathaniel"]
[Result "1-0"]
[WhiteElo "1558"]
[BlackElo "1402"]
[PlyCount "54"]
[EventDate "2010.05.31"]
[EventCountry "USA"]
[SourceDate "2010.05.29"]

1. b3 e5 2. Bb2 Nc6 3. e4 Bc5 4. d3 d6 5. h3 Nf6 6. g3 O-O 7. Bg2 Be6 8. Nf3 h6
9. Nc3 Qd7 10. Qd2 Rfb8 11. Na4 Bb6 12. g4 Re8 13. Nh4 Nd4 14. Nxb6 axb6 15. c3
Nc6 16. Nf5 d5 17. g5 hxg5 18. Nxg7 Nxe4 19. Bxe4 Kxg7 20. Qxg5+ Kf8 21. Bh7 f5
22. Ba3+ Rxa3 23. Qf6+ Qf7 24. Qh6+ Ke7 25. Bg6 Qf6 26. Qh7+ Bf7 27. Bxf5 Rh8
1-0

[Event "WA Open Reserve"]
[Site "Redmond, WA"]
[Date "2010.05.29"]
[Round "2"]
[White "Porisch, Andrew"]
[Black "Varner, Murlin"]
[Result "1/2-1/2"]
[WhiteElo "1120"]
[BlackElo "1532"]
[PlyCount "118"]
[EventDate "2010.05.31"]
[EventCountry "USA"]
[SourceDate "2010.05.29"]

1. b3 d5 2. Bb2 Nc6 3. e3 e5 4. Bb5 Bd6 5. f4 f6 6. fxe5 fxe5 7. Nf3 Bg4 8. h3
Bxf3 9. Qxf3 Nf6 10. Nc3 O-O 11. Nxd5 e4 12. Nxf6+ gxf6 13. Qg4+ Kh8 14. O-O-O
Be5 15. Bxc6 bxc6 16. Bxe5 fxe5 17. Qxe4 Qf6 18. Qc4 e4 19. Kb1 a5 20. Qd4 a4
21. Qxf6+ Rxf6 22. Rhf1 Rg6 23. g4 axb3 24. cxb3 c5 25. Rc1 Rga6 26. Rc2 Kg7
27. Rf5 c4 28. bxc4 Rb6+ 29. Rb5 Rc6 30. Kb2 Rca6 31. Kb1 c6 32. Rb7+ Kg6 33.
Rcb2 Ra4 34. R7b4 R4a6 35. c5 Kg5 36. Rxe4 Kh4 37. Re7 Kxh3 38. Rxh7+ Kxg4 39.
Rhb7 Ra5 40. Rc2 Kf3 41. Rc7 Rb5+ 42. Rb2 Rxc5 43. Rb6 Rd5 44. Rcxc6 Rxd2 45.
Ra6 Rad8 (45... Rxa6 46. Rxa6 Kxe3 47. Re6+ Kf4 48. a4 Kf5 49. Re8 Rd4 50. a5
Ra4 51. Ra8 Ke5 {=}) 46. a4 (46. Rc3 {+/=}) 46... Kxe3 47. a5 Rd1+ 48. Kc2
R8d2+ 49. Kb3 Rb1+ 50. Kc4 Rd4+ 51. Kc3 Rd3+ 52. Kc2 Rbd1 53. Re6+ Kf4 54. Re2
Rd6 55. Rxd6 Rxd6 56. Kb3 Rd3+ 57. Kb4 Rd4+ 58. Kc5 Ra4 59. Kb5 Rd4 {
remaining moves unclear.} ({The game was drawn in a few more moves, although} 
59... Rd4 60. Ra2 {! would have won for white. In the game white allowed the
black rook to come to the a-file on move 62.}) 1/2-1/2

[Event "WA Open Reserve"]
[Site "Redmond, WA"]
[Date "2010.05.29"]
[Round "2"]
[White "Sankrithi, Siva"]
[Black "Nicoski, Aaron"]
[Result "0-1"]
[WhiteElo "1303"]
[BlackElo "1600"]
[PlyCount "116"]
[EventDate "2010.05.31"]
[EventCountry "USA"]
[SourceDate "2010.05.29"]

1. e4 d6 2. d4 Nf6 3. Nc3 g6 4. Nf3 Bg7 5. Bc4 O-O 6. O-O c6 7. e5 dxe5 8. Nxe5
Bf5 9. Bxf7+ Rxf7 10. Nxf7 Kxf7 11. Be3 Na6 12. a3 Nc7 13. Ne2 b5 14. c3 Ncd5
15. Nf4 Nxe3 16. fxe3 Qd7 17. Qb3+ Be6 18. Qxe6+ Qxe6 19. Nxe6 Kxe6 20. Rf3 Rf8
21. Raf1 Nd7 22. Rxf8 Bxf8 23. e4 Bh6 24. Kh1 Nf6 25. Re1 Ng4 26. Re2 Ne3 27.
b3 a5 28. h3 a4 29. bxa4 bxa4 30. Rb2 Nc4 31. Rb4 Nxa3 32. Rxa4 Nb5 33. Ra6 Kd7
34. c4 Nxd4 35. g4 Bg5 36. Ra8 Bh4 37. Rh8 g5 38. Rxh7 Kd6 39. e5+ Ke6 40. Kg2
Be1 41. Rg7 Bd2 42. Kf2 Bf4 43. Kg2 c5 44. h4 gxh4 45. g5 Bxe5 46. Rh7 Nf5 47.
Kf3 Bd4 48. g6 Bg7 49. Kf4 Kf6 50. Rh5 e6 51. Kg4 Kxg6 52. Rg5+ Kf6 53. Kh5 Ke5
54. Rg4 Bf6 55. Kg6 Be7 56. Rg1 Kd6 57. Rd1+ Nd4 58. Kf7 e5 0-1

[Event "WA Open Reserve"]
[Site "Redmond, WA"]
[Date "2010.05.30"]
[Round "3"]
[White "Baldwin, Christopher"]
[Black "Janko, Imre"]
[Result "1-0"]
[WhiteElo "1678"]
[BlackElo "1447"]
[PlyCount "78"]
[EventDate "2010.05.31"]
[EventCountry "USA"]
[SourceDate "2010.05.29"]

1. d4 Nf6 2. c4 g6 3. Nc3 Bg7 4. e4 d6 5. f3 O-O 6. Bd3 c5 7. Be3 cxd4 8. Bxd4
Nc6 9. Be3 Bd7 10. Nge2 a6 11. O-O Rc8 12. a3 Ne5 13. b3 e6 14. Rc1 Bc6 15. Qd2
Nxd3 16. Qxd3 Qd7 17. Qd2 Ne8 18. Bh6 b5 19. Bxg7 Nxg7 20. Rfd1 Rfd8 21. cxb5
axb5 22. Nd4 Qa7 23. Kh1 Qb6 24. b4 Ne8 25. h3 Nf6 26. Qg5 Kg7 27. Nxc6 Rxc6
28. Qxb5 Qc7 29. Ne2 Rc2 30. Qd3 Rxc1 31. Rxc1 Qb6 32. Nd4 e5 33. Nc6 Rd7 34.
b5 Qf2 35. Rf1 Qb2 36. Nb4 d5 37. Rb1 dxe4 38. Rxb2 exd3 39. Rd2 e4 {
missing moves} 1-0

[Event "WA Open Reserve"]
[Site "Redmond, WA"]
[Date "2010.05.30"]
[Round "3"]
[White "Buchignani, Paul"]
[Black "Piper, August"]
[Result "1-0"]
[WhiteElo "1444"]
[BlackElo "1558"]
[PlyCount "63"]
[EventDate "2010.05.31"]
[EventCountry "USA"]
[SourceDate "2010.05.29"]

1. e4 c5 2. Nc3 a6 3. f4 d6 4. Nf3 Qc7 5. Be2 e6 6. O-O b5 7. a3 Nd7 8. b4 c4
9. Bb2 Bb7 10. d3 Ngf6 11. Qe1 Ng4 12. Nd1 Ndf6 13. h3 Qb6+ 14. Bd4 Qc7 15.
hxg4 Nxg4 16. Qg3 h5 17. Ng5 Nf6 18. Ne3 h4 19. Qh3 e5 20. fxe5 dxe5 21. Bb2 c3
22. Bc1 Bc8 23. Qh2 Bd6 24. Nf5 Bxf5 25. Rxf5 O-O-O 26. Qh3 Kb8 27. Be3 Rdf8
28. Rd1 Ne8 29. Rdf1 g6 30. Rxf7 Rxf7 31. Rxf7 Qc6 32. Ba7+ 1-0

[Event "WA Open Reserve"]
[Site "Redmond, WA"]
[Date "2010.05.30"]
[Round "3"]
[White "Campbell, Tim"]
[Black "Ma, Kevin"]
[Result "1-0"]
[WhiteElo "1545"]
[BlackElo "1382"]
[PlyCount "63"]
[EventDate "2010.05.31"]
[EventCountry "USA"]
[SourceDate "2010.05.29"]

1. e4 c5 2. Nf3 d6 3. d4 cxd4 4. Qxd4 Nc6 5. Bb5 a6 6. Bxc6+ bxc6 7. Nc3 Bg4 8.
Bg5 e5 9. Qd3 Nf6 10. O-O-O Qb6 11. h3 Be6 12. Be3 Qb4 13. a3 Qa5 14. Ng5 Rc8
15. Nxe6 fxe6 16. f4 exf4 17. Bxf4 e5 18. Bg5 Qb6 19. Rhf1 Be7 20. Qc4 Rb8 21.
Na4 Qb5 22. Qe6 Qxa4 23. Bxf6 gxf6 24. Rxd6 Rd8 25. Rxd8+ Kxd8 26. Rd1+ Kc7 27.
Qxe7+ Kb6 28. Qxf6 Rg8 29. Qxe5 Rxg2 30. Qb8+ Kc5 31. Qf8+ Kb5 32. Qf1+ 1-0